Statistics for Colors that begin with the letter C

Click here to take the quiz!

General Stats

  • This quiz has been taken 940 times
  • The average score is 8 of 36

Answer Stats

HintAnswer% Correct
Cyan
72%
Crimson
60%
Cream
53%
Cerulean
48%
Chartreuse
47%
Cerise
43%
Cobalt
42%
Coral
37%
Copper
36%
Charcoal
34%
Corn
29%
Chocolate
27%
Cinnamon
23%
Cornflower
22%
Carnation
20%
Coffee
19%
Carmine
16%
Chestnut
16%
Cardinal
15%
Champagne
14%
Celery
13%
Clover
12%
Carrot Orange
11%
Celadon
11%
Coconut
9%
Cinnabar
8%
Camouflage Green
7%
Cantaloupe
7%
Caribbean
6%
Cherry Blossom Pink
6%
Cornsilk
5%
Cheddar
4%
Canvas
3%
Caput Mortuum
3%
Celtic Green
3%
Cichlid
1%

Score Distribution

Percentile by Number Answered

Percent of People with Each Score

Your Score History

You have not taken this quiz